000
00321nam a22001337a 4500
008
170608b xxu||||| |||| 00| 0 eng d
020
_a
9780060183332
041
_a
eng
080
_a
32
100
_a
18
101
_a
SHP
245
_a
LEON REDEMPTON URIS THE STORY OF TRINITY CONTINUES
_c
CRY.B
942
_2
udc
_c
BK
999
_c
16382
_d
16382